| 000 | 01195cam a2200253 i 4500 | ||
|---|---|---|---|
| 003 | SA-RiAUC | ||
| 005 | 20260211122821.0 | ||
| 008 | 260205s1987 jo g b 10000 ara c | ||
| 040 |
_aSA-JeALM _bara _cSA-RiAUC _erda |
||
| 082 | 0 | 4 |
_a330.121 _qSA-RiAUC |
| 090 |
_a330.121 _bن د و |
||
| 111 | 2 |
_aندوة المشكلات التي تعترض سبيل البحث في الاقتصاد الإسلامي _cعمان، الأردن) _d( 1406 هجري : |
|
| 245 | 1 | 0 |
_aمشكلات البحث في الاقتصاد الإسلامي : _bالبحوث والمناقشات. |
| 264 | 1 |
_aعمان، الأردن : _bالمجمع الملكي لبحوث الحضارة الإسلامية، مؤسسة آل البيت، _c1987 |
|
| 300 |
_a227 صفحة ؛ _c24 سم |
||
| 336 |
_aنص _btxt _2rdacontent _3كتاب |
||
| 337 |
_aبدون وسيط _bn _2rdamedia |
||
| 504 | _aيشتمل على إرجاعات ببليوجرافية. | ||
| 650 | 7 |
_aالاقتصاد الإسلامي _vمؤتمرات _2aucsh |
|
| 650 | 7 |
_aالإسلام والاقتصاد _2aucsh |
|
| 710 | 2 |
_aالبنك الإسلامي للتنمية. _eمنظم. |
|
| 942 |
_2ddc _cBOOK _n0 |
||
| 949 |
_aSA-JeALM _d260205 _uosman123 _n1 |
||
| 999 |
_c14303 _d14303 |
||